Philosophical Foundations of Medical Law (Record no. 92956)

MARC details
000 -LEADER
fixed length control field 02141namaa2200409uu 4500
001 - CONTROL NUMBER
control field doab68186
003 - CONTROL NUMBER IDENTIFIER
control field oapen
005 - DATE AND TIME OF LATEST TRANSACTION
control field 20260305123949.0
006 - FIXED-LENGTH DATA ELEMENTS--ADDITIONAL MATERIAL CHARACTERISTICS
fixed length control field m o d
007 - PHYSICAL DESCRIPTION FIXED FIELD--GENERAL INFORMATION
fixed length control field cr|mn|---annan
008 - FIXED-LENGTH DATA ELEMENTS--GENERAL INFORMATION
fixed length control field 210427s2019 xx |||||o ||| 0|eng d
020 ## - INTERNATIONAL STANDARD BOOK NUMBER
International Standard Book Number 9780198796558
040 ## - CATALOGING SOURCE
Original cataloging agency oapen
Transcribing agency oapen
041 0# - LANGUAGE CODE
Language code of text/sound track or separate title eng
042 ## - AUTHENTICATION CODE
Authentication code dc
072 #7 - SUBJECT CATEGORY CODE
Subject category code MB
Source bicssc
245 00 - TITLE STATEMENT
Title Philosophical Foundations of Medical Law
260 ## - PUBLICATION, DISTRIBUTION, ETC.
Place of publication, distribution, etc. Oxford
Name of publisher, distributor, etc. Oxford University Press
Date of publication, distribution, etc. 2019
300 ## - PHYSICAL DESCRIPTION
Extent 1 online resource
336 ## - CONTENT TYPE
Content type term text
Content type code txt
Source rdacontent
337 ## - MEDIA TYPE
Media type term computer
Media type code c
Source rdamedia
338 ## - CARRIER TYPE
Carrier type term online resource
Carrier type code cr
Source rdacarrier
506 0# - RESTRICTIONS ON ACCESS NOTE
Terms governing access Free-to-read
Standardized terminology for access restriction Unrestricted online access
Source of term star
520 ## - SUMMARY, ETC.
Summary, etc. With advances in personalised medicine, the field of medical law is being challenged and transformed. The nature of the doctor-patient relationship is shifting as patients simultaneously become consumers. The regulation of emerging technologies is being thrown into question, and we face new challenges in the context of global pandemics. This volume identifies significant questions and issues underlying the philosophy of medical law. It brings together leading philosophers, legal theorists, and medical specialists to discuss these questions in two parts. The first part deals with key foundational theories, and the second addresses a variety of topical issues, including euthanasia, abortion, and medical privacy. The wide range of perspectives and topics on offer provide a vital introduction to the philosophical underpinnings of medical law.
540 ## - TERMS GOVERNING USE AND REPRODUCTION NOTE
Terms governing use and reproduction All rights reserved
Uniform Resource Identifier <a href="http://oapen.org/content/about-rights">http://oapen.org/content/about-rights</a>
546 ## - LANGUAGE NOTE
Language note English
650 #7 - SUBJECT ADDED ENTRY--TOPICAL TERM
Topical term or geographic name entry element Medicine: general issues
Source of heading or term bicssc
653 ## - INDEX TERM--UNCONTROLLED
Uncontrolled term philosophy; medical law
720 1# - ADDED ENTRY--UNCONTROLLED NAME
Name De Campos, Thana
Relationship edt
720 1# - ADDED ENTRY--UNCONTROLLED NAME
Name De Campos, Thana
Relationship oth
720 1# - ADDED ENTRY--UNCONTROLLED NAME
Name Herring, Jonathan
Relationship edt
720 1# - ADDED ENTRY--UNCONTROLLED NAME
Name Herring, Jonathan
Relationship oth
720 1# - ADDED ENTRY--UNCONTROLLED NAME
Name Phillips, Andelka M
Relationship edt
720 1# - ADDED ENTRY--UNCONTROLLED NAME
Name Phillips, Andelka M
Relationship oth
793 0# -
-- DOAB Library.
856 40 - ELECTRONIC LOCATION AND ACCESS
Uniform Resource Identifier <a href="https://directory.doabooks.org/handle/20.500.12854/68186">https://directory.doabooks.org/handle/20.500.12854/68186</a>
Access status 0
Public note Free-to-read: DOAB: description of the publication

No items available.

Powered by Koha